000 00944nam a22002417a 4500
003 SEM
005 20250707172003.0
008 241106s2001 ai ||||gr||||||01|0|arm|d
020 _a99930-888-5-4
040 _aSEM
_cSEM
041 _aarm
080 _aԱվագ-90
100 _aՀայրունի, Աշոտ
245 _aՅոհաննես Լեփսիուս :
_bՀայանվեր գործիչն ու հրապարակախոսը /
_cԱ. Հայրունի ; Խմբ.՝ Բ. Հարությունյան
260 _aԵրևան :
_b«Միտք» հրատ.,
_c2001.
300 _a135 էջ ;
_b5 էջ նկ. ; աղյ. ;
_c20 սմ
650 _aՀայոց ցեղասպանություն
650 _aՀայկական կոտորածներ
653 _aՍԷՄ
700 _aՀարությունյան, Բաբկեն
_eխմբ.
_4edt.
856 _uhttps://haygirk.nla.am/upload/1941-/yohanes_lepsius_2001.pdf
_yԿարդալ առցանց
942 _2udc
_cBK
_n0
999 _c75412
_d75412